| 000 | 00430nam a22001697a 4500 | ||
|---|---|---|---|
| 003 | MPLRDC | ||
| 005 | 20220104142511.0 | ||
| 008 | 210129b ||||| |||| 00| 0 eng d | ||
| 082 | _a857.49 CZ | ||
| 100 | _a陈诏 | ||
| 245 |
_a红楼梦小考 _c |
||
| 250 | _a一版一刷 | ||
| 260 |
_a _b上海古籍出版社 _c1985 |
||
| 300 | _b平 | ||
| 650 | _a话本小说及章回--红楼梦研究与评论 | ||
| 942 |
_cBK _o857.49 CZ |
||
| 999 |
_c31388 _d31378 |
||